Information technology law and practice : (Record no. 82740)

MARC details
000 -LEADER
fixed length control field 00742nam a22002057a 4500
005 - DATE AND TIME OF LATEST TRANSACTION
control field 20140318143457.0
010 ## - LCCN (DPL NO)
LC control number ENG-109460
020 ## - INTERNATIONAL STANDARD BOOK NUMBER
Terms of availability 395.00
International Standard Book Number 9789350350003
035 ## - SYSTEM CONTROL NUMBER
System control number EN-92993
037 ## - SOURCE OF ACQUISITION
Source of stock number/acquisition DBAD/PUB
082 ## - DEWEY DECIMAL CLASSIFICATION NUMBER
Classification number 344.540999
100 ## - MAIN ENTRY--PERSONAL NAME
Personal name Sharma, Vakul
245 00 - TITLE STATEMENT
Title Information technology law and practice :
Statement of responsibility, etc by Vakul Sharma
Remainder of title law and emerging technology cyber law & E-commerce /
250 ## - EDITION STATEMENT
Edition statement 3rd ed
260 ## - PUBLICATION, DISTRIBUTION, ETC. (IMPRINT)
Place of publication, distribution, etc Delhi
Name of publisher, distributor, etc Universal Law Publishing
Date of publication, distribution, etc 2011
270 ## - ADDRESS
Address C-FF-1A, Dilkhush Industrial Estate, (Near Azadpur Metro Station) G.T. Karnal Road,
City Delhi
Postal code 110033
300 ## - PHYSICAL DESCRIPTION
Extent xxxix,566p.
Dimensions 25cm(pbk)
500 ## - GENERAL NOTE
General note Includes bibliographical references and index
942 ## - ADDED ENTRY ELEMENTS (KOHA)
Source of classification or shelving scheme Dewey Decimal Classification
Item type English Books
Call number suffix SHA
Classification part 344.540999
Holdings
Withdrawn status Lost status Not for loan Collection code Home library Current library Date acquired Source of acquisition Cost, normal purchase price Full call number Barcode Copy number Cost, replacement price Koha item type
    Not For Loan Non-fiction D.B.Act.Division D.B.Act.Division 25/02/2014 DBAD/PUB 395.00 344.540999 SHA EN-92993 1 395.00 English Books

© Delhi Public Library
Hit Counter
free hit counter